000 00402nam a2200121Ia 4500
005 20251028132458.0
008 251020t2019||||xx |||||||||||||| ||spa||
041 _aspa
100 _aCastillo Aparicio, Johnny E.
245 0 _aLa prueba en el delito de violencia contra la mujer y el grupo familiar. Criterios de valoración en casos de violencia de género y familiar
260 _c2019
942 _CLB
_cLB
999 _c2878
_d2878